000 00428nam a2200157Ia 4500
005 20250701162825.0
008 240331s9999 xx 000 0 und d
020 _a95582100408
082 _bBAN
_a630
100 _aBandara,T
245 0 _aShistacharaye miniwala kaneema
260 _aRatmalana
_bThathana Marasinghe Memorial Foundation
_c2000
300 _a87 p .,
500 _aDigging the Grave of a Civilization
942 _cL
999 _c5177
_d5177